Transnárodní vzdělávání
Európsky vysokoškolský priestor. Poňatie transnárodného vzdelávania. Uznávanie transnárodného vzdelávania. Stručná charakteristika situácie v oblasti transnárodného vzdelávania vo vybraných štátoch. Predpokladané ďalšie aktivity v oblasti transnárodného vzdelávania. Špecifikácia problematiky v Čes...
Na minha lista:
| Autor principal: | |
|---|---|
| Formato: | Capítulo de Livro |
| Idioma: | tcheco |
| Assuntos: | |
| Tags: |
Sem tags, seja o primeiro a adicionar uma tag!
|
MARC
| LEADER | 00000naa$a2200000$$$4500 | ||
|---|---|---|---|
| 001 | 0004378 | ||
| 005 | 20230919103958.0 | ||
| 041 | 0 | |a cze | |
| 044 | |a CZ | ||
| 245 | 1 | 0 | |a Transnárodní vzdělávání |c aut. Štěpánka Skuhrová |
| 520 | |a Európsky vysokoškolský priestor. Poňatie transnárodného vzdelávania. Uznávanie transnárodného vzdelávania. Stručná charakteristika situácie v oblasti transnárodného vzdelávania vo vybraných štátoch. Predpokladané ďalšie aktivity v oblasti transnárodného vzdelávania. Špecifikácia problematiky v Českej republike. | ||
| 610 | 2 | 0 | |a vzdelávanie transnacionálne |
| 610 | 2 | 0 | |a kvalifikácia |
| 610 | 2 | 0 | |a štúdium v zahraničí |
| 610 | 2 | 0 | |a štúdium dištančné |
| 610 | 2 | 0 | |a kódexy |
| 610 | 2 | 0 | |a štúdium vysokoškolské |
| 610 | 2 | 0 | |a Česko |
| 610 | 2 | 0 | |a Slovensko |
| 610 | 2 | 0 | |a svet |
| 100 | 1 | |a Skuhrová, Štěpánka | |